Statistics for Greater Antilles Island Shapes

Click here to take the quiz!

General Stats

  • This quiz has been taken 95 times
  • The average score is 5 of 5

Answer Stats

Answer% Correct
Cuba
100%
Bahamas
96%
Jamaica
95%
Haiti
93%
Dominican Republic
91%

Score Distribution

Percentile by Number Answered

Percent of People with Each Score

Your Score History

You have not taken this quiz